Catálogo
 En Linea

La rebelión de las sotanas : (Registro nro. 13490)

Detalles MARC
000 -CABECERA
campo de control de longitud fija 01940nam a2200313 a 4500
001 - NÚMERO DE CONTROL
campo de control 000013884
005 - FECHA Y HORA DE LA ÚLTIMA TRANSACCIÓN
campo de control 20240409073638.0
008 - DATOS DE LONGITUD FIJA--INFORMACIÓN GENERAL
campo de control de longitud fija 091201s2001 dr a 000 0 spa d
020 ## - NÚMERO INTERNACIONAL ESTÁNDAR DEL LIBRO
ISBN cancelado o inválido 999347752
040 ## - FUENTE DE LA CATALOGACIÓN
Centro catalogador/agencia de origen DO-SdBNP
Lengua de catalogación spa
Centro/agencia transcriptor BNPHU
082 ## - NÚMERO DE LA CLASIFICACIÓN DECIMAL DEWEY
Número de clasificación 322.1
Número de documento/Ítem R457r
100 1# - ENTRADA PRINCIPAL--NOMBRE DE PERSONA
Nombre de persona Reyes II, Sergio,
Fechas asociadas al nombre 1956-
9 (RLIN) 31453
245 13 - MENCIÓN DE TÍTULO
Título La rebelión de las sotanas :
Resto del título el clero católico frente al trujillato /
Mención de responsabilidad, etc. Sergio Reyes II.
260 ## - PUBLICACIÓN, DISTRIBUCIÓN, ETC.
Lugar de publicación, distribución, etc. Santo Domingo :
Nombre del editor, distribuidor, etc. La Frontera:
-- Universitaria,
Fecha de publicación, distribución, etc. 2001.
300 ## - DESCRIPCIÓN FÍSICA
Extensión 140 p. :
Otras características físicas il., retrs. ;
Dimensiones 21 cm.
490 1# - MENCIÓN DE SERIE
Mención de serie Universidad Autónoma de Santo Domingo ;
Designación de volumen o secuencia 1040
490 1# - MENCIÓN DE SERIE
Mención de serie Historia y sociedad ;
Designación de volumen o secuencia 98
500 ## - NOTA GENERAL
Nota general Incluye datos biográficos del autor en la solapa de la cubierta.
500 ## - NOTA GENERAL
Nota general Incluye referencias bibliográficas y notas al pie de páginas.
504 ## - NOTA DE BIBLIOGRAFÍA, ETC.
Nota de bibliografía, etc. Bibliografía : p. 137-140.
505 0# - NOTA DE CONTENIDO CON FORMATO
Información miscelánea Prólogo --
Título Ansias de libertad --
-- Contubernio iglesia-dictadura --
-- Un paréntesis necesario --
-- Acorralados!! --
-- El clero entra en escena --
-- Truenan los altares --
-- Reacciones del régimen --
-- En el filo de la navaja --
-- Cancerberos al ataque --
-- En la mira del tirano --
-- El principio del fin --
Información miscelánea Epílogo --
-- Anexos :
Título I.- Relación de religiosos involucrados en el conflicto entre la iglesia católica y la dictadura de Trujillo --
-- II.- Texto de la carta pastoral del Episcopado Dominicano, de fecha 25 (31) de enero de 1960 --
-- III.- Ataque al sacerdote Marcial Silva en el "Foro Público" --
-- IV.- Texto del "Concurso Repudio al Obispo traidor" --
Información miscelánea Bibliografía.
590 ## - NOTA LOCAL (RLIN)
Nota local Inventariado, 2018/BT
610 14 - PUNTO DE ACCESO ADICIONAL DE MATERIA--NOMBRE DE ENTIDAD CORPORATIVA
Nombre de entidad corporativa o nombre de jurisdicción como elemento de entrada IGLESIA CATÓLICA
Subdivisión geográfica REPÚBLICA DOMINICANA
Subdivisión general HISTORIA
Subdivisión cronológica SIGLO XX
9 (RLIN) 31454
650 #4 - PUNTO DE ACCESO ADICIONAL DE MATERIA--TÉRMINO DE MATERIA
Término de materia o nombre geográfico como elemento de entrada Iglesia y estado
Subdivisión geográfica República Dominicana
Subdivisión general Siglo xx
9 (RLIN) 31455
650 #4 - PUNTO DE ACCESO ADICIONAL DE MATERIA--TÉRMINO DE MATERIA
Término de materia o nombre geográfico como elemento de entrada Iglesia católica
Subdivisión general Gobierno
9 (RLIN) 31456
830 #0 - PUNTO DE ACCESO ADICIONAL DE SERIE-TÍTULO UNIFORME
Título uniforme Universidad Autónoma de Santo Domingo ;
Designación de volumen o secuencia 1040
9 (RLIN) 17164
830 #0 - PUNTO DE ACCESO ADICIONAL DE SERIE-TÍTULO UNIFORME
Título uniforme Historia y sociedad ;
Designación de volumen o secuencia 98
9 (RLIN) 13749
910 ## - DATOS DE OPCIÓN DEL USUARIO (OCLC)
Datos de opción del usuario Validado. Control de calidad. EMS
Existencias
Estado de retiro Estado de pérdida Restricciones de uso No para préstamo Código de colección Localización permanente Ubicación/localización actual Ubicación en estantería Fecha de adquisición Número de inventario Total de préstamos Signatura topográfica completa Código de barras Fecha visto por última vez Número de copia Precio válido a partir de Tipo de ítem Koha
        Dominicana de Servicio General General Depósito 01.12.2009 LF1   322.1 R457r 13884-30 25.06.2020 e.3 25.06.2020 Libro y Folleto Colección Dominicana de Servicio
      Excluido de préstamo Patrimonio Dominicano Patrimonio Dominicano Patrimonio Dominicano Depósito 01.12.2009 LF1   322.1 R457r 13884-10 25.06.2020   25.06.2020 Libro y Folleto Colección Patrimonio Dominicano
      Excluido de préstamo Patrimonio Dominicano Patrimonio Dominicano Patrimonio Dominicano Depósito 01.12.2009 LF1   322.1 R457r 13884-20 25.06.2020 e.2 25.06.2020 Libro y Folleto Colección Patrimonio Dominicano

Con tecnología Koha